000 01567cab a2200613 4500
001 ABS58402
008 090401t1998 xxu||||| |||| 00| 0 eng d
035 _a(Sirsi) u85280
041 _aeng
110 _aGardiner and Theobald
_9719
245 _aInternational costings
260 _c1998
350 _a0
490 _aBuilding
_v(11) 13 March 1998, 79-83(5)
520 _aGardiner & Theobald`s new set of international costings, which compares building costs, material prices, labour rates and inflation worldwide.
650 _aAUSTRALIA
650 _aBUILT ENVIRONMENT-BUILDING COSTS
650 _aCHINA
650 _aCONSTRUCTION COSTS
650 _aCYPRUS
650 _aCZECH REPUBLIC
650 _aDENMARK
650 _aFRANCE
650 _aGERMANY
650 _aHONG KONG
650 _aHUNGARY
650 _aINDONESIA
650 _aINDUSTRIAL
650 _aINFLATION
650 _aINTERNATIONAL COMPARISONS
650 _aIRELAND
650 _aITALY
650 _aKENYA
650 _aKUWAIT
650 _aLABOUR RATES
650 _aLUXEMBOURG
650 _aMATERIALS PRICES
650 _aNETHERLANDS
650 _aNEW ZEALAND
650 _aNORWAY
650 _aOFFICES
650 _aPOLAND
650 _aQATAR
650 _aSAUDI ARABIA
650 _aSLOVAKIA
650 _aSOUTH AFRICA
650 _aSWEDEN
650 _aSWITZERLAND
650 _aUNITED KINGDOM
650 _aUNITED ARAB EMIRATES
690 _aBUILT ENVIRONMENT-BUILDING COSTS
942 _n0
948 _c27/03/1998
999 _c53617
_d53617